Mobile Legends: Bang Bang Quiz - Statistics

General Stats
  • This quiz has been taken 1,252 times
  • The average score is 7 of 15
Answer Stats
Hint Answer % Correct
"Have you seen any other ninjas?" Hayabusa
87%
"Me, a thief? No, no, no. I'm only borrowing this." Claude
71%
"Hahaha. Let's see who make the last laugh." Eudora
64%
"Your whole body is a weak spot." Zilong
62%
"Night has fallen, let the killing begin!" Helcurt
58%
"Love and hope are two greatest inventions." Angela
55%
"Sometings, I think about girls." Alpha
50%
"My swordsmanship is almost as goodlooking as I am." Gusion
50%
"I have a clumsy new apprentice named Einstein." Diggie
44%
"Papa. Hahaha. Look at these fools." Kimmy
37%
"Not knowing oneself, that's the worst." Chou
36%
"Justice is the last refuge of my weakness." Argus
29%
"Want to know my age?" Grock
25%
"Charge, don't be a jelly." Hilda
23%
"Fate is so unfair." Moskov
14%
No matching quizzes found
Score Distribution
Percent of People with Each Score
Percentile by Number Answered
Your Score History
You have not taken this quiz